Pokémon par description du pokédex - Statistiques

Statistiques générales
  • Ce quiz a été pris 39 fois
  • Le résultat moyen est 10 sur 25
Statistiques - réponses
Description du pokédex Pokémon % Correct
Ce pokémon évite les attaques avec grâce, comme s'il dansait, avant de lancer une capacité dévastatrice dans son élan. Ses pouvoirs psychiques, renforcés par la pratique du yoga, lui permettent de prédire les mouvements de ses adversaires. Grâce au pouvoir de la méditation, Ce pokémon a développé son sixième sens. charmina
89%
Il hante les grottes volcaniques. Il rampe au mur et au plafond grâce à ses pieds en forme de croix. Son corps est composé d'acier brut dont certaines parties ont fondu à cause de sa propre chaleur. heatran
78%
Une légende raconte qu’à son réveil, Jirachi réalise n’importe quel souhait inscrit sur les papiers collés sur sa tête. Si ce Pokémon se sent en danger, il se défend sans même se réveiller. jirachi
78%
Bien que sa peau soit isolante et lisse comme du caoutchouc, sa laine peut facilement emmagasiner de l'électricité. Il a emmagasiné tellement d'électricité que sa laine ne peut plus repousser à certains endroits de son corps. lainergie
78%
Il s'unit à d'autres spécimens pour faire face aux ennemis puissants. En subissant des dégâts, le groupe se désagrège et il se retrouve tout seul. Seul, il est vulnérable, mais quand il s'unit à ses congénères, il devient une créature que l'on surnomme le « démon des mers ». froussardine
74%
Ils s'entraînent intensément par groupes de cinq. Ceux qui ne peuvent pas suivre le rythme abandonnent leur ceinture et se retirent. Ses techniques de projection sont sans égal. Quand il se bat, sa sueur coule sur sa ceinture et lui donne une teinte plus foncée. judokrak
56%
Ce Pokémon transporte sa nourriture jusqu'à son nid grâce à son tablier. Il aime larguer des objets qui s'écrasent avec fracas. Il aime mettre des objets dans le tablier formé de plumes qui orne son poitrail, avant de les larguer depuis une altitude élevée. lestombaile
56%
Ce Pokémon esquive les attaques de son adversaire grâce à d'imprévisibles oscillations. Il déambule d'un pas chancelant. S'il marche trop longtemps, il finit par avoir le tournis. spinda
56%
Autrefois, il vivait en bord de mer et conservait sa nourriture dans la glace de son corps, mais il s'est éteint, car il avait du mal à se déplacer. Quand la partie supérieure de son corps, couverte de glace, frissonne, il produit de l'électricité. Il éprouve de grandes difficultés à marcher. galvagla
48%
Ce pokémon vit dans les profondeurs des mers du sud. Son corps est conçu pour supporter l'énorme pression des profondeurs abyssales. Du coup, le corps de ce Pokémon n'est pas endommagé par les attaques ordinaires. Au printemps, son corps rose prend une couleur plus vive sans que l'on sache pourquoi. rosabyss
48%
De nature calme, il préfère éviter les conflits. Mais si nécessaire, il martèle ses adversaires avec ses poings dotés d'épines. Quand ses compagnons sont en danger, il déploie ses bras pour former des boucliers et devient lui-même un rempart face aux attaques. blindépique
44%
Ce Pokémon violent a le sang qui lui monte facilement à la tête. Il détruit tout sur son passage en faisant tourner la chaîne autour de son cou. Les toxines de la chaîne empoisonnée autour de son cou ont stimulé tous ses muscles et son corps est devenu massif. félicanis
44%
Ce Pokémon s'enroule sur lui-même pour se cacher. Il a le pouvoir de nettoyer l'air et la terre de toxines et d'y faire jaillir un grand champ fleuri. Il hiberne dans un terrier l'hiver pour s'éveiller au printemps. shaymin
44%
Il se nourrit d'air pollué et de gaz toxiques. Ainsi absorbés, ces gaz sont purifiés de leurs toxines, avant d'être relâchés par le sommet des deux têtes du Pokémon. Il paraît que l'air produit de cette manière est très pur ! smogogo de galar
44%
Il est capable de modifier la fréquence de ses ondes sonores à volonté et produit des ultrasons allant jusqu'à 200 000 Hz. À l'aide de leurs grandes oreilles, ces Pokémon émettent des ultrasons pour trouver des fruits. Ils prennent les Verpom pour de la nourriture. sonistrelle
41%
Il vit sur les terres arides. Il s'enfouit dans le sable dans l'attente d'une proie imprudente. Il saisit sa proie avec les pinces de sa queue et lui injecte un poison. Il peut survivre un an sans manger. rapion
33%
Il est très fort, et sa carapace est aussi dure que la pierre. Lorsqu'il est furieux, ses coups peuvent raser une montagne. Cette chrysalide file comme une fusée en expulsant les gaz sous pression enfermés dans son corps, sans pouvoir contrôler sa trajectoire. ymphect
30%
Ils vivent en troupeaux. En cas d'attaque, ils se mettent côte à côte et se protègent à l'aide de leurs têtes robustes. Il peut parer quasiment toutes les attaques de face, mais il est extrêmement vulnérable aux attaques par-derrière. bastiodon
26%
Il transporte de la nourriture toute la journée. Ses réserves de vivres auraient sauvé la vie de nombreuses personnes en péril. cadoizo
22%
Il flotte dans les airs grâce à l'électricité emmagasinée dans son corps. Les jours d'orage, il lévite un peu plus haut qu'à l'accoutumée. Ce Pokémon produit de l'électricité en agitant sa queue. Lorsqu'il perçoit un danger, sa tête clignote pour avertir ses congénères. têtampoule
22%
Il se tient debout et immobile toute la journée. Certains pensent que ce Pokémon a adopté cette position à cause de la terreur qu'il a ressentie en prévoyant l'avenir. Ce Pokémon aurait le pouvoir de voir l'avenir. xatu
19%
Il capture ses ennemis avec ses tentacules et les écrase ensuite avec sa tête dure comme la pierre. Il adore se cacher dans des trous. Il n'hésite pas à s'approprier les trous creusés par d'autres Pokémon pour y dormir. octillery
11%
Il nage sans se fatiguer, même lorsque la mer est agitée. Il sauve parfois des gens coincés dans les navires bloqués en haute mer. Il nage si bien qu'il rejoint souvent des nageurs professionnels à l'entraînement. akwakwak
4%
Le corps de ce pokémon est enveloppé par un film fin et collant qui lui permet de vivre hors de l'eau. Ce Pokémon joue dans la vase sur les plages lorsque la marée est basse. En l'absence de Pokédex National, ce Pokémon n'a pas de description dans ces jeux. flobio
4%
Ce Pokémon voltige en guettant ses adversaires. Le moment venu, il attaque en crachant un liquide si acide qu’il peut corroder le métal. pomdrapi
0%
Aucun quiz correspondant
Distribution des résultats
% des personnes avec chaque résultat
Percentile par nombre de réponses
Votre historique - résultats
Vous n’avez pas pris ce quiz